All Brasileirão Teams and Players of 2025 - Statistics

General Stats
  • This quiz has been taken 223 times
    222 since last reset
  • The average score is 189 of 500
Answer Stats
Position Team Nationality % Correct
CDM Evertton Araujo BRA
84%
CM Everton Ribeiro BRA
80%
RB Ewerthon BRA
80%
CB Gustavo Henrique BRA
80%
LW Lucas Braga BRA
80%
CB Victor Gabriel BRA
80%
CB Victor Hugo BRA
79%
CM Lucas Barbosa BRA
78%
CDM Lucas Evangelista BRA
78%
RW Lucca BRA
78%
CDM Zé Vitor BRA
78%
CM Lucas Ferreira BRA
77%
CAM Lucas Moura BRA
77%
CAM Matheus Pereira BRA
77%
GK Weverton BRA
77%
LB Ayrton Lucas BRA
75%
GK Lucão BRA
75%
CB Lucas Cunha BRA
75%
LB Lucas Esteves BRA
75%
CB Lucas Freitas BRA
75%
CM Lucas Lima BRA
75%
CB Lucas Oliveira BRA
75%
RB Lucas Ramon BRA
75%
CDM Lucas Silva BRA
75%
GK Matheus Donelli BRA
74%
CB Vitão BRA
74%
RW Vitinho BRA
74%
RB Vitinho BRA
74%
GK Matheus Cunha BRA
73%
CM Matheusinho BRA
73%
CB Pedro Henrique BRA
73%
LW Pedro Henrique BRA
73%
CAM Giorgian Arrascaeta URU
72%
RW André Silva BRA
71%
RB Léo Maná BRA
71%
CDM Mateus Carvalho BRA
71%
RW Matheus Davó BRA
71%
CDM Matheus Fernandes BRA
71%
CDM Matheus Henrique BRA
71%
ST Rwan Cruz BRA
71%
GK Hugo Souza BRA
70%
GK Leo Aragão BRA
70%
GK Léo Linck BRA
70%
CM Matheus Araújo BRA
70%
ST Pedro BRA
70%
GK Bruno Ferreira BRA
69%
CB Bruno Fuchs BRA
69%
LW Júnior Santos BRA
69%
LW/ST Paulinho BRA
69%
CM Paulinho BRA
69%
GK Agustín Rossi ARG
68%
CB Gabriel Xavier BRA
68%
ST Léo Gamalho BRA
68%
RB Matheus Alexandre BRA
68%
CAM/RW Neymar BRA
68%
CDM Danilo Barbosa BRA
67%
RW Luiz Araujo BRA
67%
RW Luiz Felipe BRA
66%
CB Luiz Otácvio BRA
66%
RB Rafael Ramos POR
66%
RW Bruno Henrique BRA
65%
CDM Bruno Henrique BRA
65%
LB Bruno Pacheco BRA
65%
CDM Hugo Moura BRA
65%
CB Léo Pereira BRA
65%
ST Memphis Depay HOL
65%
RW Paulo Baya BRA
65%
RB Paulo Henrique BRA
65%
CB Gustavo Gómez PAR
64%
CB João Basso BRA
64%
CB João Silva POR
64%
RB Marcos Rocha BRA
64%
CM Felipe Anderson BRA
63%
ST Gabriel Barbosa BRA
62%
CM Gabriel Bontempo BRA
62%
CAM Gabriel Taliari BRA
62%
RW Gustavo Neves BRA
62%
GK Rafael BRA
62%
Position Santos Nationality
62%
CDM Zé Lucas BRA
62%
CDM Zé Welison BRA
62%
GK Gabriel Delfim BRA
61%
CM Gustavo Prado BRA
61%
CB Léo Ortiz BRA
61%
CDM Alex Santana BRA
60%
GK Fábio BRA
60%
LW Gustavo Maia BRA
60%
LB Hugo BRA
60%
CB/LB PH Barbosa BRA
60%
RW Ángel Romero PAR
59%
RB/CB Danilo BRA
59%
CB David Luiz BRA
59%
CDM Gabriel BRA
59%
GK Gabriel BRA
59%
CM Gabriel BRA
59%
CM Igor Gomes BRA
59%
LB Joaquín Piquerez URU
59%
CDM Lucas Romero ARG
59%
CDM Marcos Antônio BRA
59%
RW Marquinhos BRA
59%
CM Óscar Romero PAR
59%
ST Vitor Roque BRA
59%
GK Gustavo BRA
58%
RB Igor Vinícius BRA
58%
GK Marcão BRA
58%
LB Marcos Paulo BRA
58%
CDM Allan BRA
57%
CDM Allan BRA
57%
CB Félix Torres ECU
57%
ST Hulk BRA
57%
ST Yuri Alberto BRA
57%
Position Flamengo Nationality
56%
RW Gonzalo Plata ECU
56%
CM Jhon Jhon BRA
56%
Position Palmeiras Nationality
56%
CAM PH Ganso BRA
56%
CAM Raphael Veiga BRA
56%
CAM Rodrigo Garro ARG
56%
GK Cássio BRA
55%
ST Flaco López ARG
55%
CDM Thiago Maia BRA
55%
RW Erick Pulga BRA
54%
LB Felipinho BRA
54%
RB Wesley BRA
54%
LW Wesley BRA
54%
ST Germán Cano ARG
53%
CB Igor Rabello BRA
53%
CAM Jhon Arias COL
53%
CB Juninho BRA
53%
RW Kaio Jorge BRA
53%
LB Matheus Bahia BRA
53%
CB Murilo BRA
53%
CDM Richard Ríos COL
53%
CB Thiago Silva BRA
53%
CB Alexander Barboza ARG
52%
Position Bahia Nationality
52%
GK John BRA
52%
RB Santiago Arias COL
52%
Position São Paulo Nationality
52%
LW Alejandro Martínez ARG
51%
CDM Erick Pulgar CHL
51%
LB Igor Carlos BRA
51%
CM Igor Conorado BRA
51%
LW/ST Iury Castilho BRA
51%
ST Jonathan Calleri ARG
51%
GK Marcelo Lomba BRA
51%
RW Thiago Borbas URU
51%
RB Agustín Giay ARG
50%
LB Alex Sandro BRA
50%
Position Botafogo Nationality
50%
CDM Emiliano Martínez URU
50%
CM Emmanuel Martínez ARG
50%
RW Estêvão BRA
50%
LB Fabrizio Angileri ARG
50%
RW Facundo Torres URU
50%
Position Fluminense Nationality
50%
LW Guilherme BRA
50%
LB Guilherme BRA
50%
CDM José Martínez VEN
50%
LB Luciano Juba BRA
50%
CDM Nicolás de la Cruz URU
50%
CAM Philippe Coutinho BRA
50%
CB Robert Arboleda ECU
50%
Position Corinthians Nationality
49%
Position Cruzeiro Nationality
49%
GK Everson BRA
48%
Position Grêmio Nationality
48%
Position Internacional Nationality
48%
Position Sport Nationality
48%
LB Alan Ruschel BRA
47%
CB David Ricardo BRA
47%
RW Fabrício Daniel BRA
47%
LB Juninho Capixaba BRA
47%
Position Juventude Nationality
47%
ST Luciano BRA
47%
CDM Marlon Freitas BRA
47%
Position Mirassol Nationality
47%
CDM Pablo Maia BRA
47%
LB Reinaldo BRA
47%
GK Thiago Couto BRA
47%
Position Vasco da Gama Nationality
47%
CB Alan Empereur BRA
46%
RB Guillermo Varela URU
46%
ST Igor Jesus BRA
46%
CB Jonathan Jesus BRA
46%
CB David Braz BRA
45%
LB Diogo Barbosa BRA
45%
Position Fortaleza Nationality
45%
GK Léo Jardim BRA
45%
ST Pablo Vegetti ARG
45%
CM Santi Rodríguez URU
45%
Position Vitória Nationality
45%
CAM Alan Patrick BRA
44%
CDM Breno Bidon BRA
44%
Position Ceará Nationality
44%
RW Dudu BRA
44%
LW Everton Cebolinha BRA
44%
CM Gerson BRA
44%
ST Juninho BRA
44%
RB Matheuzinho BRA
44%
RB Mayke BRA
44%
CB Rodrigo Sam BRA
44%
CAM Gustavo Scarpa BRA
43%
CB Marllon BRA
43%
LB Enzo Díaz ARG
42%
GK Gabriel Brazão BRA
42%
LB Marlon BRA
42%
CM Oscar BRA
42%
CM André Carrillo PER
41%
CDM Aníbal Moreno ARG
41%
CB Cacá BRA
41%
RW Fabri BRA
41%
GK Fernando Miguel BRA
41%
RW Ferreirinha BRA
41%
CM Jorge Recalde PAR
41%
CDM Luis Mandaca BRA
41%
ST Pablo BRA
41%
ST Enner Valencia ECU
40%
RB Fabiano Souza BRA
40%
CM Fabricio Domínguez URU
40%
CB Jair Cunha BRA
40%
CAM Jefferson Savarino VEN
40%
ST Tiquinho Soares BRA
40%
CB André Ramalho BRA
39%
RW Artur BRA
39%
ST Carlinhos BRA
39%
RB Cédric Soares POR
39%
RB Fagner BRA
39%
LB Marçal BRA
39%
CM Maurício BRA
39%
RW Maurício Garcez BRA
39%
CDM Roni BRA
39%
RB Samuel Xavier BRA
39%
CB Cleiton BRA
38%
GK Cleiton BRA
38%
RB José Luis Rodríguez URU
38%
LB Matheus Bidu BRA
38%
LW Michael BRA
38%
ST Pedro Raul BRA
38%
RB Raúl Cáceres PAR
38%
CDM Rodrigo Nestor BRA
38%
ST Rony BRA
38%
GK Tiago Volpi BRA
38%
CDM Caio Alexandre BRA
37%
CB Guzmán Rodríguez URU
37%
RW/ST Héctor Hernández SPA
37%
ST Luciano Rodriguez URU
37%
CM/CAM Michel Araújo URU
37%
ST Nathan Fernandes BRA
37%
CB Willian Machado BRA
37%
CDM Alan Franco ECU
36%
CB Alan Franco ARG
36%
Position Atlético-MG Nationality
36%
CM Dimitri Payet FRA
36%
LW Yeferson Soteldo VEN
36%
CB David Duarte BRA
35%
LW/ST Deyverson BRA
35%
CDM Diego Pituca BRA
35%
LB Guilherme Arana BRA
35%
ST Martin Braithwaite DEN
35%
CDM Matheus Martinelli BRA
35%
ST Rafael Borré COL
35%
LW Ryan Francisco BRA
35%
GK Sergio Rochet URU
35%
LB Victor Luis BRA
35%
CDM Willian Oliveira BRA
35%
RW David BRA
34%
RB William BRA
34%
ST Yannick Bolasie CON
34%
CDM Patrick BRA
33%
LB Alex Telles BRA
32%
GK Anthoni BRA
32%
RW Breno Lopes BRA
32%
RW Carlos Alberto BRA
32%
CB Fabrício Bruno BRA
32%
RB Leo Godoy ARG
32%
LB Lucas Piton ITA
32%
CB Lyanco BRA
32%
CB Wagner Leonardo BRA
32%
CDM Damián Bobadilla PAR
31%
CB Gil BRA
31%
ST Lautaro Díaz ARG
31%
RW Nuno Moreira POR
31%
CM Rodriguinho BRA
31%
LW Talles Magno BRA
31%
CB Walter Kannemann ARG
31%
LB Alexandro Bernabei ARG
30%
CM Chico Kim KOR
30%
RW Cristian Olivera URU
30%
ST Everaldo BRA
30%
CDM Jair BRA
30%
CDM Neto Moura BRA
30%
RW Rayan BRA
30%
LW Agustín Canobbio URU
29%
GK Alex Muralha BRA
29%
CB Bastos ANG
29%
RB/CDM Dieguinho BRA
29%
CDM Fernando Sobral BRA
29%
GK Jandrei BRA
29%
LW João Marcelo BRA
29%
LB Luan Cândido BRA
29%
CDM Mathías Villasanti PAR
29%
CB Micael BRA
29%
RB Nahuel Ferraresi VEN
29%
CDM Raniele BRA
29%
Position RB Bragantino Nationality
29%
CDM Ricardo Ryller BRA
29%
CB Rodrigo Ely BRA
29%
RW Vinicinho BRA
29%
CB Adriano Martins BRA
28%
CDM Alisson BRA
28%
GK Brenno BRA
28%
CB Chico BRA
28%
ST Eduardo Sasha BRA
28%
CB Gustavo Martins BRA
28%
CDM Hércules BRA
28%
CDM Lucas Sasha BRA
28%
RW Matheus Martins BRA
28%
CDM Maycon BRA
28%
CM Rodrigo Atencio ARG
28%
CDM Du Queiroz BRA
27%
RW Emerson Batalla COL
27%
RW Fernandinho BRA
27%
GK João Paulo BRA
27%
ST Juan Martín Lucero ARG
27%
LB Renê BRA
27%
LB Vanderlan BRA
27%
CDM Charles BRA
26%
LB Cuiabano BRA
26%
CDM Diego Rosa BRA
26%
CB Edu BRA
26%
CB Eduardo Santos BRA
26%
CDM Fernando BRA
26%
LW Fernando BRA
26%
RB Guga BRA
26%
ST Isidro Pitta PAR
26%
CB Junior Alonso PAR
26%
RW Keno BRA
26%
CAM Nenê BRA
26%
CB Wilker Ángel BRA
26%
RW Benjamín Rollheiser ARG
25%
GK Daniel Fuzato BRA
25%
RB João Pedro BRA
25%
RW Loide Augusto ANG
25%
CDM Pol Fernández ARG
25%
CDM Ronaldo BRA
25%
GK Ronaldo BRA
25%
CDM Ronaldo BRA
25%
GK Walter BRA
25%
CAM Franco Cristaldo PAR
24%
CDM Gregore BRA
24%
LB Caio Paulista BRA
23%
CDM Christian BRA
23%
CM Eduardo BRA
23%
CDM Erick BRA
23%
RW Erick BRA
23%
CDM Eric Ramires BRA
23%
CDM Gabriel Menino BRA
23%
LB Gonzalo Escobar ARG
23%
CM Jean Carlos BRA
23%
CDM Jean Lucas BRA
23%
CDM/CM Lima BRA
23%
CAM Matheus Gonçalves BRA
23%
CDM Zé Rafael BRA
23%
GK Gabriel Grando BRA
22%
CDM Tomás Rincón VEN
22%
RB Daniel Borges BRA
21%
CDM Danielzinho BRA
21%
LW/ST Elias Manoel BRA
21%
LW Francis Amuzu BEL
21%
GK Marcos Felipe BRA
21%
CDM Otávio BRA
21%
RW Alexander Aravena CHL
20%
LW Álvaro Barreal ARG
20%
CB Ignácio BRA
20%
RW Ignacio Laquintana URU
20%
CB Juan Pablo Freytes ARG
20%
LW Kevin Serna COL
20%
CDM Luiz Gustavo BRA
20%
RB Mateo Ponte URU
20%
LB Ramon BRA
20%
CB Ramon BRA
20%
CB Sabino BRA
20%
CAM Yago Pikachu BRA
20%
CB Zé Ivaldo BRA
20%
RW Antonio Galeano PAR
19%
CAM Bernard BRA
19%
ST Matías Arezo URU
19%
CDM Tchê Tchê BRA
19%
LB Wendell BRA
19%
CB Jemerson BRA
18%
CB João Victor BRA
18%
CB João Victor BRA
18%
CB/LB Lucas Villalba ARG
18%
CDM Patrick de Paula BRA
18%
RB Renzo Saravia ARG
18%
CDM Walace BRA
18%
CB Antônio Carlos BRA
17%
RW Chrystian Barletta BRA
17%
RW Cristian Pavón ARG
17%
RB Gilberto BRA
17%
ST Gilberto BRA
17%
LB Iago BRA
17%
RB João Lucas BRA
17%
GK João Ricardo BRA
17%
LW Johan Carbonero COL
17%
CB Ruan Tressoldi BRA
17%
CDM Sérgio Oliveira POR
17%
RW Tomás Cuello ARG
17%
RW Wanderson BRA
17%
RW Brahian Palacios COL
16%
RB Braian Aguirre ARG
16%
GK Caíque França BRA
16%
ST Gonçalo Paciência POR
16%
CDM Christian Rivera COL
15%
RW Deivid Washington BRA
15%
CDM Edenílson BRA
15%
RW Marinho BRA
15%
CM Thaciano BRA
15%
ST Willian José BRA
15%
RB Diogo Hereda BRA
14%
CB Douglas Mendes BRA
14%
CB Éder BRA
14%
CDM Facundo Bernal URU
14%
LB Gabriel Fuentes COL
14%
CDM Gustavo Cuéllar COL
14%
RB José Hurtado ECU
14%
RB Kanu BRA
14%
RB Natanael BRA
14%
LW Romarinho BRA
14%
CM Tomás Pochettino ARG
14%
CDM João Schmidt BRA
13%
LW Ademir BRA
12%
CM Adson BRA
12%
RB Agustín Sant'Anna URU
12%
LW Gabriel Veron BRA
12%
CM Lucas Mugni ARG
12%
CM Miguel Monsalve COL
12%
LB Nicolas BRA
12%
RB Tinga BRA
12%
LW Benjamín Garré ARG
11%
CB Benjamín Kuscevic CHL
11%
CM Bruno Tabata BRA
11%
CB Jemmes BRA
11%
RW Joaquín Lavega URU
11%
RB JP Chermont BRA
11%
CDM JP Lourenço BRA
11%
RW Kayky BRA
11%
GK Lucas Arcanjo BRA
11%
GK Marcelo Pitaluga BRA
11%
CDM Nicolás Acevedo URU
11%
CM Rômulo BRA
11%
CM Rubén Lezcano PAR
11%
CM Rubens BRA
11%
CAM Wellington Rato BRA
11%
CM Cauly BRA
10%
CDM Dodi BRA
10%
CDM Fabinho BRA
10%
RW Osvaldo BRA
10%
CB Santiago Mingo ARG
10%
CB Agustín Rogel URU
9%
RB/CB Emanuel Brítez ARG
9%
CDM Jadson BRA
9%
CB Titi BRA
9%
RB Claudinho BRA
8%
RB Eros Mancuso ARG
8%
LW Giovanny BRA
8%
CB Luan Peres BRA
8%
CB Lucas Halter BRA
8%
CB Mateo Gamarra PAR
8%
ST Renato Kayzer BRA
8%
LW Thalys BRA
8%
CDM Camilo BRA
7%
CAM Ênio BRA
7%
LW Moisés BRA
7%
CDM Pepê BRA
7%
LW Gustavo Mosquito BRA
6%
LW Henry Mosquera COL
6%
CDM Rezende BRA
6%
CB Abner BRA
5%
RW Alex Teixeira BRA
5%
RW Cadu BRA
5%
RW Clayson BRA
5%
LB Dalbert BRA
5%
CDM Gabriel Baralhas BRA
5%
CB Gastón Ávila ARG
5%
LB Jamerson BRA
5%
RW Janderson BRA
5%
RW Lenny Lobato BRA
5%
CDM Matheus Rossetto BRA
5%
CB Neris BRA
5%
LB Kevyson BRA
4%
RB Reginaldo BRA
4%
CDM Richardson BRA
4%
LW Aylon BRA
3%
CB Cipriano BRA
3%
CM Camatunga BRA
2%
CDM Giraldo BRA
2%
LW Maceió BRA
2%
LW Petterson BRA
2%
No matching quizzes found
Score Distribution
Percent of People with Each Score
Percentile by Number Answered
Your Score History
You have not taken this quiz since the last reset